Geographie económique / (Record no. 57826)

MARC details
000 -LEADER
campo de control de longitud fija 00593nam a2200205 i 4500
001 - NÚMERO DE CONTROL
campo de control 57826
003 - IDENTIFICADOR DE NÚMERO DE CONTROL
campo de control ES-MaACL
005 - FECHA Y HORA DE LA ÚLTIMA TRANSACCIÓN
campo de control 20250814065125.0
007 - CAMPO FIJO DE DESCRIPCIÓN FÍSICA--INFORMACIÓN GENERAL
campo de control de longitud fija t|
008 - DATOS DE LONGITUD FIJA--INFORMACIÓN GENERAL
campo de control de longitud fija 031017s1934 fr ||||1| fre d
100 1# - ENTRADA PRINCIPAL--NOMBRE DE PERSONA
Nombre de persona Dubois, Marcel.
9 (RLIN) 45772
245 10 - MENCIÓN DEL TÍTULO
Título Geographie económique /
Mención de responsabilidad, etc. Marcel Dubois et J.G. Kergomard.
250 ## - MENCION DE EDICION
Mención de edición 4e édition.
260 ## - PUBLICACIÓN, DISTRIBUCIÓN, ETC.
Lugar de publicación, distribución, etc. Paris :
Nombre del editor, distribuidor, etc. Masson,
Fecha de publicación, distribución, etc. 1934 (
Fabricante Imp. Alençonnaise)
300 ## - DESCRIPCIÓN FÍSICA
Extensión IX, 962 p. ;
Dimensiones 25 cm.
650 07 - PUNTO DE ACCESO ADICIONAL DE MATERIA--TÉRMINO DE MATERIA
Término de materia o nombre geográfico como elemento de entrada Geografía económica
Fuente del encabezamiento o término embne
9 (RLIN) 13077
700 1# - ENTRADA AGREGADA--NOMBRE PERSONAL
Nombre de persona Kergomard, J. G.
9 (RLIN) 67902
852 ## - LOCALIZACIÓN
Ubicación ES-MaACL
Número de control de estantería A-2178
Holdings
Estatus retirado Estado de pérdida Estado de daño No para préstamo Biblioteca de origen Biblioteca actual Ubicación en estantería Fecha de adquisición Fuente de adquisición Total de préstamos Signatura topográfica completa Código de barras Visto por última vez Precio de reemplazo Tipo de ítem Koha
        Biblioteca del Ateneo de Madrid Biblioteca del Ateneo de Madrid Sala Pecera Planta 1 17/01/2008     A-2178 1060695 23/02/2023 23/02/2023 Libro impreso